00704nam a2200205 i 4500001000300000100003800003245004300041260002100084650001600105650001200121040000800133041000800141942000700149008004100156999001500197856009700212952006300309952006300372952006300435bg1 aOsiński, Zbigniewd(1926-2001). 0aSprzęgła i hamulce /cZ. Osiński. aWarszawa,c1985. 9aSprzęgła 9aHamulce cBPK apol cKS s pl f |000 0 pol  c2390d2390 uhttp://koha.tu.koszalin.pl/cgi-bin/koha/opac-detail.pl?biblionumber=2390yKatalog online BPK 00104070aBPKbBPKcwoP 34162p01123159s2025-03-22yKS 00104070aBPKbBPKcwoP 34164p01184723s2013-03-07yKS 00104070aBPKbBPKcwoP 34165p01088601s2022-04-14yKS